[Event "GER Cup Net V2 U1600"]
[Site "Playchess.com INT"]
[Date "2020.05.22"]
[Round "4"]
[White "Siemianowski, Regina"]
[Black "Hartmann, Nils"]
[Result "0-1"]
[WhiteElo "1393"]
[BlackElo "1620"]
[PlyCount "56"]
[EventDate "2020.05.22"]
[EventType "swiss (blitz)"]
[EventRounds "9"]
[EventCountry "GER"]
[SourceTitle "EXT 2021"]
[Source "ChessBase"]
[SourceDate "2020.10.23"]
[SourceVersion "1"]
[SourceVersionDate "2020.10.23"]
[SourceQuality "1"]

1. e4 d6 2. d4 Nf6 3. Nc3 Nbd7 4. Nf3 e5 5. dxe5 dxe5 6. Be2 Be7 7. 0-0 c6 8. Bg5 h6 9. Bh4 g5 10. Bg3 Qc7 11. Qd2 Nf8 12. Rfd1 Ng6 13. a3 g4 14. Ne1 h5 15. f3 h4 16. Bf2 g3 17. hxg3 hxg3 18. Bxg3 Nh5 19. Bh2 Nhf4 20. Bc4 Rg8 21. g3 Nh3+ 22. Kg2 Ngf4+ 23. Kh1 Qb6 24. Nd3 Nxd3 25. cxd3 Nf2+ 26. Kg2 Nxd1 27. Rxd1 Rh8 28. Rh1 Bh3# 0-1